[Event "ODJM A 2015"]
[Site "Willingen GER"]
[Date "2015.05.29"]
[Round "8"]
[White "Wenninger, Philipp"]
[Black "Erofeev, Anastasia"]
[Result "1-0"]
[Termination "normal"]
[Board "5"]
[WhiteElo "2268"]
[BlackElo "1897"]
[WhiteClock "00:04:32"]
[BlackClock "00:02:21"]
[PlyCount "81"]
[WhiteFideId "4648404"]
[BlackFideId "12917915"]
[EventCountry "GER"]
[EventRounds "9"]
[EventType "swiss"]
[EventDate "2015.05.23"]

1. d4 Nf6 2. Bg5 d5 3. Nc3 e6 4. e4 Be7 5. e5 Nfd7 6. h4 c5 7. Nb5 f6 8. exf6
Nxf6 9. Nf3 Nbd7 10. Bf4 O-O 11. Nc7 Ne4 12. Nxe6 Qa5+ 13. Bd2 Nxd2 14. Qxd2
Qb6 15. Nxf8 Qxb2 16. Rc1 cxd4 17. Nxd4 Ba3 18. Nxd7 Bxd7 19. Nb3 Qe5+ 20. Be2
a5 21. O-O a4 22. Rcd1 axb3 23. axb3 Bc6 24. Bf3 Rd8 25. Qa5 Qd6 26. Qd2 Bc5
27. Qg5 Bb6 28. g3 h6 29. Qg4 Rf8 30. Bg2 Kh8 31. h5 Qc5 32. Rd2 Ba5 33. Rd4
Qxc2 34. b4 Bb6 35. Rf4 Rxf4 36. Qxf4 Qe2 37. Qf8+ Kh7 38. Bh3 Be8 39. Bf5+ g6
40. hxg6+ Bxg6 41. Qf7+ 1-0

[Event "ODJM A 2015"]
[Site "Willingen GER"]
[Date "2015.05.29"]
[Round "8"]
[White "Hirtreiter, Pierre"]
[Black "Oberhofer, Cédric"]
[Result "0-1"]
[Termination "normal"]
[Board "6"]
[WhiteElo "2027"]
[BlackElo "2136"]
[WhiteClock "00:01:33"]
[BlackClock "00:07:01"]
[PlyCount "62"]
[WhiteFideId "12966312"]
[BlackFideId "12941220"]
[EventCountry "GER"]
[EventRounds "9"]
[EventType "swiss"]
[EventDate "2015.05.23"]

1. e4 c5 2. Nf3 d6 3. d4 cxd4 4. Nxd4 Nf6 5. Nc3 a6 6. h3 e6 7. g4 b5 8. Bg2
Bb7 9. O-O Nfd7 10. a3 Nc6 11. Kh1 Be7 12. f4 Rc8 13. g5 Nxd4 14. Qxd4 e5 15.
Qf2 O-O 16. Be3 exf4 17. Bxf4 Ne5 18. Qg3 Nc4 19. Rab1 Qc7 20. Ne2 Qb6 21. c3
g6 22. Nd4 Rce8 23. h4 Bd8 24. b3 Ne5 25. Rbe1 Qc5 26. h5 Bb6 27. hxg6 fxg6 28.
Bh3 Bc8 29. Bxc8 Qxc8 30. Bxe5 dxe5 31. Rxf8+ Rxf8 0-1

[Event "ODJM A 2015"]
[Site "Willingen GER"]
[Date "2015.05.29"]
[Round "8"]
[White "Reisberg, Andre"]
[Black "Zahn, Benno"]
[Result "1/2-1/2"]
[Termination "normal"]
[Board "7"]
[WhiteElo "1977"]
[BlackElo "2056"]
[WhiteClock "00:55:41"]
[BlackClock "00:23:06"]
[PlyCount "40"]
[WhiteFideId "1270630"]
[BlackFideId "24636070"]
[EventCountry "GER"]
[EventRounds "9"]
[EventType "swiss"]
[EventDate "2015.05.23"]

1. d4 Nf6 2. c4 e6 3. Nc3 Bb4 4. e3 O-O 5. Nge2 b6 6. a3 Bxc3+ 7. Nxc3 Bb7 8.
f3 d5 9. b4 c5 10. dxc5 bxc5 11. Bd2 cxb4 12. axb4 dxc4 13. Bxc4 Nc6 14. Na4
Ne5 15. Be2 Nd3+ 16. Bxd3 Qxd3 17. Nc5 Qb5 18. Qe2 Bc6 19. Qxb5 Bxb5 20. e4
Rfd8 1/2-1/2

[Event "ODJM A 2015"]
[Site "Willingen GER"]
[Date "2015.05.29"]
[Round "8"]
[White "Paulus, Jeffrey"]
[Black "Borchert, René"]
[Result "0-1"]
[Termination "normal"]
[Board "8"]
[WhiteElo "1968"]
[BlackElo "1979"]
[WhiteClock "00:06:16"]
[BlackClock "00:29:25"]
[PlyCount "90"]
[WhiteFideId "24692468"]
[BlackFideId "12990671"]
[EventCountry "GER"]
[EventRounds "9"]
[EventType "swiss"]
[EventDate "2015.05.23"]

1. d4 d5 2. c4 c6 3. Nc3 Nf6 4. Nf3 e6 5. Bg5 Be7 6. cxd5 exd5 7. Qc2 O-O 8. e3
Be6 9. Bd3 h6 10. Bh4 Nbd7 11. O-O Bg4 12. Nd2 g5 13. Bg3 Nh5 14. Be5 Nxe5 15.
dxe5 Qc7 16. h3 Be6 17. g4 Qxe5 18. gxh5 Bd6 19. Nf3 Qf6 20. Be2 Bxh3 21. e4
Qf4 22. Kh1 Bxf1 23. Rxf1 g4 24. Rg1 Kh8 25. Qd2 gxf3 26. Qxf4 Bxf4 27. Bxf3 d4
28. Ne2 Be5 29. Rd1 c5 30. Bg4 Rad8 31. f4 d3 32. Nc1 Bxf4 33. Nxd3 Be3 34. Ne5
Rxd1+ 35. Bxd1 Kg7 36. Bb3 Bd4 37. Nd3 b5 38. Bd5 c4 39. Nb4 Bxb2 40. a4 a6 41.
Nxa6 c3 42. Bb3 bxa4 43. Bc2 a3 44. Nb4 Rb8 45. Na2 Ba1 0-1

[Event "ODJM A 2015"]
[Site "Willingen GER"]
[Date "2015.05.29"]
[Round "8"]
[White "Schmider, Niklas"]
[Black "Bösel, Alexander"]
[Result "1/2-1/2"]
[Termination "normal"]
[Board "9"]
[WhiteElo "2014"]
[BlackElo "1992"]
[PlyCount "50"]
[WhiteFideId "12993778"]
[BlackFideId "4623185"]
[EventCountry "GER"]
[EventRounds "9"]
[EventType "swiss"]
[EventDate "2015.05.23"]

1. d4 d5 2. Nf3 Nf6 3. Bf4 e6 4. e3 c5 5. h3 Qb6 6. Qc1 Bd7 7. Bd3 Bb5 8. O-O
Bxd3 9. cxd3 Nbd7 10. dxc5 Nxc5 11. Qd2 Be7 12. Nc3 O-O 13. Rfc1 Rfc8 14. Ne5
a5 15. Bh2 a4 16. f3 Ncd7 17. d4 Bb4 18. Qd3 Nxe5 19. Bxe5 Nd7 20. Bh2 Rc4 21.
Ne2 Rac8 22. b3 Rxc1+ 23. Rxc1 Rxc1+ 24. Nxc1 Ba3 25. Qc2 Qc6 1/2-1/2

[Event "ODJM A 2015"]
[Site "Willingen GER"]
[Date "2015.05.29"]
[Round "8"]
[White "Falke, Isaak"]
[Black "Koch, Yannick"]
[Result "1/2-1/2"]
[Termination "normal"]
[Board "10"]
[WhiteElo "2020"]
[BlackElo "1892"]
[PlyCount "56"]
[WhiteFideId "24614483"]
[BlackFideId "24661678"]
[EventCountry "GER"]
[EventRounds "9"]
[EventType "swiss"]
[EventDate "2015.05.23"]

1. e4 e6 2. d4 d5 3. Nd2 Nf6 4. e5 Nfd7 5. Bd3 c5 6. c3 Nc6 7. Ne2 cxd4 8. cxd4
f6 9. exf6 Nxf6 10. Nf3 Bd6 11. O-O Qc7 12. Ng3 O-O 13. Bg5 Bd7 14. Re1 Rae8
15. Rc1 Qb6 16. Re2 e5 17. Bf5 e4 18. Bxf6 Bxf5 19. Nxf5 Rxf6 20. Nxd6 Rxd6 21.
Ne1 Qxd4 22. Rd2 Qe5 23. Rc5 Red8 24. Nc2 Qe6 25. Nd4 Nxd4 26. Rxd4 b6 27. Rc3
Rc6 28. Rxe4 Qxe4 1/2-1/2

[Event "ODJM A 2015"]
[Site "Willingen GER"]
[Date "2015.05.29"]
[Round "8"]
[White "Doberitz, Paul"]
[Black "Terhuven, Patrick"]
[Result "1/2-1/2"]
[Termination "normal"]
[Board "11"]
[WhiteElo "2194"]
[BlackElo "2028"]
[PlyCount "42"]
[WhiteFideId "24646130"]
[BlackFideId "12919098"]
[EventCountry "GER"]
[EventRounds "9"]
[EventType "swiss"]
[EventDate "2015.05.23"]

1. e4 c5 2. Nf3 Nc6 3. d4 cxd4 4. Nxd4 g6 5. Nc3 Bg7 6. Be3 Nf6 7. Bc4 O-O 8.
Bb3 d6 9. f3 Bd7 10. Qd2 Rc8 11. O-O-O Ne5 12. Kb1 Nc4 13. Bxc4 Rxc4 14. g4 b5
15. b3 b4 16. bxc4 bxc3 17. Qxc3 Qc7 18. Qd3 Rb8+ 19. Ka1 Be8 20. Rb1 Rc8 21.
c3 Nd7 1/2-1/2

[Event "ODJM A 2015"]
[Site "Willingen GER"]
[Date "2015.05.29"]
[Round "8"]
[White "Boes, Julian"]
[Black "Wachinger, David"]
[Result "1/2-1/2"]
[Termination "normal"]
[Board "12"]
[WhiteElo "1936"]
[BlackElo "1901"]
[PlyCount "45"]
[WhiteFideId "12907723"]
[BlackFideId "24692689"]
[EventCountry "GER"]
[EventRounds "9"]
[EventType "swiss"]
[EventDate "2015.05.23"]

1. d4 Nf6 2. Nf3 e6 3. c4 Bb4+ 4. Bd2 c5 5. Bxb4 cxb4 6. e3 b6 7. Nbd2 Bb7 8.
Bd3 O-O 9. O-O d6 10. Rc1 Nbd7 11. Qc2 Qe7 12. Ng5 h6 13. Nge4 Rac8 14. Nxf6+
Nxf6 15. Ne4 Bxe4 16. Bxe4 d5 17. Bf3 Rxc4 18. Qb1 Rfc8 19. Be2 Rxc1 20. Rxc1
Rc7 21. f3 Qd8 22. Ba6 Ne8 23. Rc2 1/2-1/2

[Event "ODJM A 2015"]
[Site "Willingen GER"]
[Date "2015.05.29"]
[Round "8"]
[White "Scheinhütte, Jakob"]
[Black "Leyrer, Thomas"]
[Result "1/2-1/2"]
[Termination "normal"]
[Board "13"]
[WhiteElo "1789"]
[BlackElo "1864"]
[PlyCount "51"]
[WhiteFideId "24693944"]
[BlackFideId "12908274"]
[EventCountry "GER"]
[EventRounds "9"]
[EventType "swiss"]
[EventDate "2015.05.23"]

1. e4 e6 2. d4 d5 3. exd5 exd5 4. Bd3 Bd6 5. Ne2 Ne7 6. O-O O-O 7. Bf4 Bf5 8.
Nbc3 c6 9. Bxd6 Qxd6 10. Ng3 Bxd3 11. Qxd3 Nd7 12. Nf5 Nxf5 13. Qxf5 Rfe8 14.
Rfe1 Re7 15. Qd3 Rae8 16. Rxe7 Qxe7 17. Qd2 Nf6 18. Kf1 Ne4 19. Nxe4 Qxe4 20.
Re1 Qxe1+ 21. Qxe1 Rxe1+ 22. Kxe1 Kf8 23. Ke2 Ke7 24. Ke3 Ke6 25. g4 g5 26. Kf3
1/2-1/2

[Event "ODJM A 2015"]
[Site "Willingen GER"]
[Date "2015.05.29"]
[Round "8"]
[White "Torzinski, Nils"]
[Black "Becker, Robin"]
[Result "1-0"]
[Termination "normal"]
[Board "14"]
[WhiteElo "1859"]
[BlackElo "1958"]
[PlyCount "47"]
[WhiteFideId "24695840"]
[BlackFideId "12955698"]
[EventCountry "GER"]
[EventRounds "9"]
[EventType "swiss"]
[EventDate "2015.05.23"]

1. e4 Nc6 2. Nf3 f5 3. e5 d6 4. d4 g6 5. Bb5 a6 6. Ba4 Bg7 7. c4 e6 8. O-O Nge7
9. Nc3 O-O 10. Bf4 d5 11. cxd5 Nxd5 12. Nxd5 exd5 13. Re1 b5 14. Bb3 Be6 15.
Ng5 Qd7 16. Rc1 Rac8 17. Qd2 Rfd8 18. Qc3 Nb8 19. Qh3 Bf8 20. Qh4 c5 21. dxc5
Rxc5 22. Rxc5 Bxc5 23. Nxe6 Be7 24. Bg5 1-0

[Event "ODJM A 2015"]
[Site "Willingen GER"]
[Date "2015.05.29"]
[Round "8"]
[White "Hartmann, Jakob"]
[Black "Wastian, Jan"]
[Result "1/2-1/2"]
[Termination "normal"]
[Board "15"]
[WhiteElo "1914"]
[BlackElo "1672"]
[PlyCount "42"]
[WhiteFideId "12918067"]
[BlackFideId "12911640"]
[EventCountry "GER"]
[EventRounds "9"]
[EventType "swiss"]
[EventDate "2015.05.23"]

1. e4 c6 2. Nc3 d5 3. Qe2 e6 4. g3 dxe4 5. Nxe4 Nd7 6. Bg2 Ngf6 7. c3 Nxe4 8.
Bxe4 Nf6 9. Bg2 Bd6 10. Nf3 Qc7 11. d4 b6 12. O-O O-O 13. Ne5 Bb7 14. Re1 Rfe8
15. Qc2 c5 16. Bxb7 Qxb7 17. Nc4 Be7 18. dxc5 Bxc5 19. Be3 Qc6 20. Ne5 Qc7 21.
Bxc5 Qxc5 1/2-1/2

[Event "ODJM A 2015"]
[Site "Willingen GER"]
[Date "2015.05.29"]
[Round "8"]
[White "Schnabel, Bennett"]
[Black "Buhr, Patrick"]
[Result "1-0"]
[Termination "normal"]
[Board "17"]
[WhiteElo "1864"]
[BlackElo "1769"]
[PlyCount "55"]
[WhiteFideId "12943290"]
[BlackFideId "16206436"]
[EventCountry "GER"]
[EventRounds "9"]
[EventType "swiss"]
[EventDate "2015.05.23"]

1. e4 c6 2. Nc3 d5 3. Qe2 dxe4 4. Nxe4 Bf5 5. d3 e6 6. g4 Bxe4 7. dxe4 Qc7 8.
Bd2 Bd6 9. h4 Nd7 10. O-O-O O-O-O 11. Nf3 Ngf6 12. Ng5 Nc5 13. Bg2 h6 14. Nxf7
Qxf7 15. e5 Nxg4 16. exd6 Nf6 17. Be3 Nce4 18. Bxa7 Nxd6 19. Rhe1 Rhe8 20. Bh3
Nb5 21. Rxd8+ Kxd8 22. Bb6+ Kd7 23. Rd1+ Kc8 24. Bxe6+ Nd7 25. Bxd7+ Qxd7 26.
Rxd7 Kxd7 27. Qg4+ Kd6 28. a4 1-0

[Event "ODJM A 2015"]
[Site "Willingen GER"]
[Date "2015.05.29"]
[Round "8"]
[White "Stemmler, Fabian"]
[Black "Heldt, Nils-Lennart"]
[Result "1/2-1/2"]
[Termination "normal"]
[Board "18"]
[WhiteElo "1940"]
[BlackElo "1844"]
[PlyCount "80"]
[WhiteFideId "12964808"]
[BlackFideId "12952109"]
[EventCountry "GER"]
[EventRounds "9"]
[EventType "swiss"]
[EventDate "2015.05.23"]

1. d4 d5 2. c4 c6 3. Nf3 Nf6 4. e3 Bf5 5. Be2 e6 6. O-O Bd6 7. b3 O-O 8. Bb2
Nbd7 9. Nbd2 Qe7 10. Ne5 Ba3 11. Qc1 Bxb2 12. Qxb2 Nxe5 13. dxe5 Ne4 14. Nxe4
Bxe4 15. Rac1 Qg5 16. g3 Qh6 17. Rfd1 f6 18. exf6 Rxf6 19. f4 Raf8 20. Bd3 Bxd3
21. Rxd3 Qh5 22. Re1 Rg6 23. Qe2 Qf5 24. e4 Qxf4 25. exd5 exd5 26. cxd5 cxd5
27. Qg2 Qb4 28. Qxd5+ Kh8 29. Qe4 Qc5+ 30. Qe3 Qf5 31. Rd2 Rgf6 32. Qe4 Qb5 33.
Qd3 Qc5+ 34. Qd4 Qa5 35. Rde2 Qh5 36. Qe4 Qh3 37. Qg2 Qc8 38. Qe4 h6 39. Qc2
Qh3 40. Qd1 Qc8 1/2-1/2

[Event "ODJM A 2015"]
[Site "Willingen GER"]
[Date "2015.05.29"]
[Round "8"]
[White "Hesse, Henrik"]
[Black "Biefel, Christian"]
[Result "1-0"]
[Termination "normal"]
[Board "19"]
[WhiteElo "1816"]
[BlackElo "1769"]
[PlyCount "55"]
[WhiteFideId "12952060"]
[BlackFideId "24692646"]
[EventCountry "GER"]
[EventRounds "9"]
[EventType "swiss"]
[EventDate "2015.05.23"]

1. e4 c6 2. Nc3 d5 3. Qe2 d4 4. Nd1 e5 5. f4 Bd6 6. fxe5 Bxe5 7. d3 Nf6 8. Nf3
Bg4 9. Nf2 Nbd7 10. g3 Qa5+ 11. Bd2 Qb6 12. b3 Bd6 13. Nxg4 Nxg4 14. Bh3 h5 15.
O-O O-O-O 16. Bxg4 hxg4 17. Ng5 Ne5 18. Nxf7 Nf3+ 19. Rxf3 gxf3 20. Qxf3 Rhf8
21. Qg4+ Kb8 22. Nxd8 Qxd8 23. Rf1 Rh8 24. Bf4 Qc7 25. Bxd6 Qxd6 26. Qxg7 Rd8
27. Qf6 Qc7 28. Qf4 1-0

[Event "ODJM A 2015"]
[Site "Willingen GER"]
[Date "2015.05.29"]
[Round "8"]
[White "Wieber, Dominik"]
[Black "Borchert, Louis"]
[Result "0-1"]
[Termination "normal"]
[Board "20"]
[WhiteElo "1851"]
[BlackElo "1829"]
[PlyCount "53"]
[WhiteFideId "24699012"]
[BlackFideId "12990680"]
[EventCountry "GER"]
[EventRounds "9"]
[EventType "swiss"]
[EventDate "2015.05.23"]

1. e4 e5 2. Nf3 Nc6 3. Bb5 a6 4. Bxc6 dxc6 5. d3 f6 6. Be3 c5 7. c3 Be6 8. d4
cxd4 9. cxd4 exd4 10. Nxd4 Bf7 11. O-O Qd7 12. Nc3 Bb4 13. Qc2 Ne7 14. Rad1 Bd6
15. f4 O-O 16. Nf3 Qe6 17. e5 fxe5 18. Ng5 Qf5 19. Nce4 exf4 20. Rxd6 cxd6 21.
Rxf4 Qg6 22. Rf6 gxf6 23. Nxf6+ Kh8 24. Ng4 Nf5 25. Qxf5 Qxf5 26. Nh6 Qb1+ 27.
Kf2 0-1

[Event "ODJM A 2015"]
[Site "Willingen GER"]
[Date "2015.05.29"]
[Round "8"]
[White "Gauchel, Lorenz"]
[Black "Recktenwald, Cedric"]
[Result "1/2-1/2"]
[Termination "normal"]
[Board "21"]
[WhiteElo "1748"]
[BlackElo "1492"]
[PlyCount "106"]
[WhiteFideId "12905283"]
[BlackFideId "12971928"]
[EventCountry "GER"]
[EventRounds "9"]
[EventType "swiss"]
[EventDate "2015.05.23"]

1. d4 e6 2. c4 Nf6 3. Nc3 Bb4 4. f3 d5 5. a3 Bxc3+ 6. bxc3 O-O 7. e3 c5 8. cxd5
exd5 9. Bd3 Nc6 10. Ne2 Re8 11. O-O b6 12. Qe1 Bb7 13. Qh4 Ne7 14. Nf4 Ng6 15.
Nxg6 hxg6 16. Re1 Rc8 17. Bb2 Re6 18. Re2 Qe7 19. Rae1 Re8 20. g4 Nh7 21. Qg3
Nf6 22. h4 Qd8 23. g5 Nh5 24. Qh2 Qa8 25. Bc1 R6e7 26. Qg2 Qb8 27. f4 Qa8 28.
Qf3 c4 29. Bc2 Rf8 30. Rf1 Qb8 31. Rg2 Bc8 32. f5 Bd7 33. fxg6 fxg6 34. Qxf8+
Qxf8 35. Rxf8+ Kxf8 36. Bxg6 Be8 37. Rf2+ Kg8 38. Bxe8 Rxe8 39. Kg2 g6 40. a4
Rf8 41. Rxf8+ Kxf8 42. Kf3 Ke7 43. e4 Ke6 44. Bf4 Ng7 45. Bg3 a6 46. Be1 Kd6
47. exd5 Kxd5 48. Bf2 b5 49. axb5 axb5 50. Kf4 Nh5+ 51. Kf3 Ng7 52. Kf4 Nh5+
53. Ke3 Ng7 1/2-1/2

[Event "ODJM A 2015"]
[Site "Willingen GER"]
[Date "2015.05.29"]
[Round "8"]
[White "Teichert, Felix"]
[Black "Leonard, Timo"]
[Result "1/2-1/2"]
[Termination "normal"]
[Board "22"]
[WhiteElo "1804"]
[BlackElo "1528"]
[PlyCount "73"]
[WhiteFideId "12987670"]
[BlackFideId "16208757"]
[EventCountry "GER"]
[EventRounds "9"]
[EventType "swiss"]
[EventDate "2015.05.23"]

1. e4 e6 2. d4 d5 3. exd5 exd5 4. Nf3 Bg4 5. h3 Bh5 6. Bd3 Nf6 7. Bf4 Be7 8.
Nbd2 O-O 9. O-O Re8 10. c3 Bd6 11. Bxd6 Qxd6 12. Qc2 Bg6 13. Bxg6 hxg6 14. Rfe1
Nbd7 15. Nf1 Nh5 16. Qb3 b6 17. Qa4 a5 18. Qb5 Nf4 19. Re3 Rxe3 20. Nxe3 c6 21.
Qb3 Rb8 22. Qc2 Nf6 23. Re1 Ne4 24. Ng4 c5 25. dxc5 bxc5 26. Nd2 Nxd2 27. Qxd2
Ne6 28. Ne3 Rd8 29. Rd1 Nf4 30. Nc4 Qc7 31. Na3 Ne6 32. Nb5 Qb6 33. a4 Nc7 34.
Nxc7 Qxc7 35. Qg5 d4 36. Qg4 d3 37. Qc4 1/2-1/2

[Event "ODJM A 2015"]
[Site "Willingen GER"]
[Date "2015.05.29"]
[Round "8"]
[White "Tiedemann, Fin Niklas"]
[Black "Pysarenko, Kyrill"]
[Result "1/2-1/2"]
[Termination "normal"]
[Board "23"]
[WhiteElo "1774"]
[BlackElo "1482"]
[PlyCount "109"]
[WhiteFideId "12936936"]
[BlackFideId "12974250"]
[EventCountry "GER"]
[EventRounds "9"]
[EventType "swiss"]
[EventDate "2015.05.23"]

1. e4 c5 2. c3 Nf6 3. e5 Nd5 4. Nf3 e6 5. d4 cxd4 6. cxd4 d6 7. a3 Qc7 8. Bd3
Nd7 9. Qc2 Qxc2 10. Bxc2 dxe5 11. dxe5 Be7 12. O-O b6 13. Rd1 Bb7 14. Ba4 Rd8
15. b4 O-O 16. Bb2 a6 17. Nbd2 b5 18. Bb3 Rc8 19. Rac1 Rfd8 20. Kf1 N7b6 21.
Bd4 Rxc1 22. Rxc1 Rc8 23. Rxc8+ Bxc8 24. Ne4 Kf8 25. g3 h6 26. Nfd2 Ke8 27. Ke2
Bb7 28. Kd3 Nd7 29. Nb1 Kd8 30. Nbc3 Nxc3 31. Bxc3 Kc7 32. Bd4 a5 33. bxa5 Bxa3
34. Nd6 Nxe5+ 35. Bxe5 Bxd6 36. Bxg7 Bc5 37. Ke2 h5 38. Be5+ Kd7 39. f4 Bb4 40.
Ke3 Bxa5 41. Bd1 Bb6+ 42. Bd4 Bxd4+ 43. Kxd4 Kd6 44. Bxh5 f6 45. Bg6 e5+ 46.
fxe5+ fxe5+ 47. Kd3 Ke6 48. h4 Bf3 49. Be4 Bxe4+ 50. Kxe4 b4 51. Kd3 Kd5 52. h5
e4+ 53. Kc2 e3 54. h6 b3+ 55. Kxb3 1/2-1/2

[Event "ODJM A 2015"]
[Site "Willingen GER"]
[Date "2015.05.29"]
[Round "8"]
[White "Thumm, Felix"]
[Black "Engel, Robert"]
[Result "1-0"]
[Termination "normal"]
[Board "24"]
[WhiteElo "1802"]
[BlackElo "1718"]
[PlyCount "39"]
[WhiteFideId "12902209"]
[BlackFideId "12974684"]
[EventCountry "GER"]
[EventRounds "9"]
[EventType "swiss"]
[EventDate "2015.05.23"]

1. d4 Nf6 2. Nf3 g6 3. e3 Bg7 4. b3 O-O 5. Bb2 d6 6. Bd3 Nbd7 7. Nbd2 Re8 8.
O-O e5 9. dxe5 dxe5 10. Bc4 e4 11. Nd4 Ne5 12. Be2 a6 13. b4 Qe7 14. a3 c5 15.
bxc5 Qxc5 16. N4b3 Qc7 17. Nd4 Nd5 18. Nxe4 Nc4 19. Bxc4 Qxc4 20. Nd6 1-0

[Event "ODJM A 2015"]
[Site "Willingen GER"]
[Date "2015.05.29"]
[Round "8"]
[White "Gröning, Finn Jonathan"]
[Black "Lai Hop, Long"]
[Result "1/2-1/2"]
[Termination "normal"]
[Board "25"]
[WhiteElo "1824"]
[BlackElo "1885"]
[PlyCount "83"]
[WhiteFideId "1271634"]
[BlackFideId "12942707"]
[EventCountry "GER"]
[EventRounds "9"]
[EventType "swiss"]
[EventDate "2015.05.23"]

1. g3 d5 2. Bg2 c6 3. d3 Nf6 4. Nd2 Bg4 5. h3 Bh5 6. f4 e6 7. g4 Bg6 8. e4 h6
9. Qe2 Be7 10. Ngf3 dxe4 11. dxe4 Qc7 12. Ne5 Bh7 13. b3 Nbd7 14. Bb2 Nxe5 15.
Bxe5 Qa5 16. O-O O-O-O 17. Nc4 Qc5+ 18. Kh1 Rhg8 19. Rad1 Rd7 20. c3 Qb5 21.
Bxf6 gxf6 22. Qf2 Qc5 23. Qh4 Rxd1 24. Rxd1 b5 25. Qxh6 Bxe4 26. Bxe4 bxc4 27.
Qh5 Qxh5 28. gxh5 cxb3 29. axb3 Kc7 30. f5 e5 31. Kh2 Rg5 32. Rg1 Bf8 33. Rxg5
fxg5 34. f6 Bh6 35. Bg6 Kd6 36. Bxf7 e4 37. Bc4 Ke5 38. f7 Kf4 39. Kg2 g4 40.
hxg4 Kxg4 41. Be2+ Kg5 42. Kg3 1/2-1/2

[Event "ODJM A 2015"]
[Site "Willingen GER"]
[Date "2015.05.29"]
[Round "8"]
[White "Reitz, Philipp"]
[Black "Dittrich, Tom"]
[Result "1-0"]
[Termination "normal"]
[Board "27"]
[WhiteElo "1797"]
[BlackElo "1762"]
[PlyCount "119"]
[WhiteFideId "12973297"]
[BlackFideId "12923532"]
[EventCountry "GER"]
[EventRounds "9"]
[EventType "swiss"]
[EventDate "2015.05.23"]

1. e4 c5 2. Ne2 d6 3. g3 Nc6 4. Bg2 g6 5. c3 Bg7 6. d4 cxd4 7. cxd4 e5 8. d5
Nce7 9. Nbc3 f5 10. O-O Nf6 11. Bg5 O-O 12. Qd2 Nxe4 13. Nxe4 fxe4 14. Bxe4 Bh3
15. Bg2 Bxg2 16. Kxg2 Qd7 17. Rac1 Rac8 18. Bxe7 Qxe7 19. Rxc8 Rxc8 20. Rc1 Qf8
21. Qb4 Rxc1 22. Nxc1 Qb8 23. Ne2 Qc7 24. Qc3 Qxc3 25. Nxc3 a6 26. Ne4 Bf8 27.
Kf3 Be7 28. h4 Kf7 29. Ke3 Kg7 30. f4 exf4+ 31. Kxf4 Kf7 32. b3 Kg7 33. Nd2 Bd8
34. Nc4 Bc7 35. b4 Kf7 36. a4 b5 37. axb5 axb5 38. Na3 h6 39. Nxb5 Bb8 40. Nd4
Kf6 41. b5 Ba7 42. Nf3 Bb6 43. Nd2 g5+ 44. hxg5+ hxg5+ 45. Ke4 Bc7 46. Nc4 Kg6
47. g4 Kf6 48. b6 Bd8 49. b7 Bc7 50. Na5 Ke7 51. Nc6+ Kd7 52. b8=Q Bxb8 53.
Nxb8+ Kc7 54. Nc6 Kb6 55. Nd4 Kc7 56. Ne6+ Kd7 57. Nxg5 Ke7 58. Ne6 Kf6 59. g5+
Kg6 60. Kf4 1-0

[Event "ODJM A 2015"]
[Site "Willingen GER"]
[Date "2015.05.29"]
[Round "8"]
[White "Reck, Jessica"]
[Black "Jacob, Karl"]
[Result "0-1"]
[Termination "normal"]
[Board "28"]
[WhiteElo "1620"]
[BlackElo "1826"]
[PlyCount "34"]
[WhiteFideId "12917931"]
[BlackFideId "24696684"]
[EventCountry "GER"]
[EventRounds "9"]
[EventType "swiss"]
[EventDate "2015.05.23"]

1. d4 f5 2. Nf3 d5 3. c4 e6 4. g3 c6 5. Nbd2 Bd6 6. Bg2 Nd7 7. Qc2 Ne7 8. Ng5
Nf6 9. O-O O-O 10. f3 f4 11. Bh3 fxg3 12. Bxe6+ Bxe6 13. Nxe6 Qd7 14. Nxf8 Qh3
15. Rf2 gxf2+ 16. Kxf2 Qxh2+ 17. Ke1 Bg3+ 0-1

[Event "ODJM A 2015"]
[Site "Willingen GER"]
[Date "2015.05.29"]
[Round "8"]
[White "Baumann, Eva"]
[Black "Longo, Claudio"]
[Result "0-1"]
[Termination "normal"]
[Board "29"]
[WhiteElo "1539"]
[BlackElo "2013"]
[PlyCount "108"]
[WhiteFideId "12998788"]
[BlackFideId "12994766"]
[EventCountry "GER"]
[EventRounds "9"]
[EventType "swiss"]
[EventDate "2015.05.23"]

1. e4 d5 2. exd5 Nf6 3. d4 Nxd5 4. Nf3 g6 5. c4 Nb6 6. Be3 Bg7 7. h3 O-O 8. Be2
Nc6 9. O-O e5 10. dxe5 Nxe5 11. Nxe5 Bxe5 12. Qb3 Be6 13. Nd2 Qe7 14. Nf3 Bg7
15. Rad1 Rad8 16. Qc2 Bf5 17. Qc1 Na4 18. Rxd8 Qxd8 19. b3 Nc3 20. Re1 Re8 21.
a3 Nxe2+ 22. Rxe2 Qd3 23. Rd2 Qxb3 24. Nd4 Qa4 25. Nb5 Qa5 26. Bf4 Bf8 27. Rd1
Rc8 28. Bd2 Qb6 29. Be3 Bc5 30. Bxc5 Qxc5 31. Nd4 Re8 32. Nxf5 Qxf5 33. Qb2 b6
34. Qc3 Qe5 35. Qc1 h5 36. Qb1 Qf4 37. Qc2 Re4 38. Qb2 Qe5 39. Qc1 Kg7 40. Rf1
Re2 41. Qb1 g5 42. Qc1 g4 43. hxg4 hxg4 44. Qd1 g3 45. fxg3 Qe4 46. Rxf7+ Kxf7
47. Qd7+ Qe7 48. Qf5+ Ke8 49. Qh5+ Kd8 50. Qd5+ Kc8 51. Qa8+ Kd7 52. Qd5+ Qd6
53. Qf5+ Re6 54. Qf7+ Qe7 0-1

[Event "ODJM A 2015"]
[Site "Willingen GER"]
[Date "2015.05.29"]
[Round "8"]
[White "Denkert, Robert"]
[Black "Steffens, Oliver"]
[Result "1-0"]
[Termination "normal"]
[Board "30"]
[WhiteElo "1737"]
[BlackElo "1665"]
[PlyCount "157"]
[WhiteFideId "12957216"]
[BlackFideId "12947148"]
[EventCountry "GER"]
[EventRounds "9"]
[EventType "swiss"]
[EventDate "2015.05.23"]

1. e4 c5 2. Nc3 e6 3. g3 g6 4. Bg2 Bg7 5. d3 Nc6 6. Be3 d6 7. Qd2 Nd4 8. Nd1
Rb8 9. c3 Nc6 10. Nf3 Nge7 11. Bh6 Bf6 12. O-O d5 13. Qf4 Ng8 14. Bg5 h6 15.
Bxf6 Qxf6 16. Qd6 Qe7 17. Qxe7+ Ngxe7 18. Ne3 O-O 19. Rad1 b5 20. Ng4 Kg7 21.
e5 Rd8 22. d4 cxd4 23. cxd4 a5 24. Rc1 Ba6 25. Rc5 Rdc8 26. Rfc1 Nb4 27. Rxc8
Rxc8 28. Rxc8 Nxc8 29. Nd2 a4 30. a3 Nc2 31. Nf3 Nb6 32. Bf1 Nc4 33. Bxc4 bxc4
34. Ne3 Na1 35. Nd2 Nb3 36. Nxb3 axb3 37. Nd1 g5 38. f4 Kg6 39. Kf2 f6 40. Kf3
fxe5 41. fxe5 h5 42. Nc3 Kf5 43. h3 Kg6 44. g4 hxg4+ 45. hxg4 Kf7 46. Ke3 Ke7
47. Na4 Kd8 48. Kd2 Kc7 49. Nc3 Kd7 50. Ne2 Ke7 51. Kc3 Bb5 52. Ng1 Kf7 53. Kb4
Bc6 54. Nf3 Kg6 55. a4 c3 56. bxc3 b2 57. Nd2 Bb7 58. Kb3 Ba6 59. Kxb2 Be2 60.
a5 Kf7 61. c4 dxc4 62. Kc3 Bxg4 63. a6 Bh3 64. Nf3 Bg2 65. Nxg5+ Ke7 66. a7 Bd5
67. Nh3 Kd7 68. Nf4 Ba8 69. Kxc4 Kc7 70. Nxe6+ Kb6 71. d5 Kxa7 72. Nc7 Bb7 73.
e6 Bc8 74. e7 Bd7 75. e8=Q Bb5+ 76. Nxb5+ Kb6 77. Qc6+ Ka5 78. Qa8+ Kb6 79.
Qa7# 1-0